<?xml version="1.0" encoding="UTF-8"?>
<record
    xmlns:xsi="http://www.w3.org/2001/XMLSchema-instance"
    xsi:schemaLocation="http://www.loc.gov/MARC21/slim http://www.loc.gov/standards/marcxml/schema/MARC21slim.xsd"
    xmlns="http://www.loc.gov/MARC21/slim">

  <leader>01262nam a22003257i 4500</leader>
  <datafield tag="999" ind1=" " ind2=" ">
    <subfield code="c">171497</subfield>
    <subfield code="d">171497</subfield>
  </datafield>
  <controlfield tag="003">PPAK</controlfield>
  <controlfield tag="005">20190323165854.0</controlfield>
  <controlfield tag="008">190310t2018    enkao||d |||| 000 1 eng d</controlfield>
  <datafield tag="020" ind1=" " ind2=" ">
    <subfield code="a">9781474950893</subfield>
    <subfield code="c">RM 42.90</subfield>
    <subfield code="q">hardback</subfield>
  </datafield>
  <datafield tag="040" ind1=" " ind2=" ">
    <subfield code="a">PPAK</subfield>
    <subfield code="b">eng</subfield>
    <subfield code="c">PPAK</subfield>
    <subfield code="e">rda</subfield>
  </datafield>
  <datafield tag="082" ind1="0" ind2="4">
    <subfield code="2">23</subfield>
    <subfield code="a">598</subfield>
  </datafield>
  <datafield tag="090" ind1="0" ind2="0">
    <subfield code="a">598</subfield>
    <subfield code="b">ONE</subfield>
    <subfield code="d">RK</subfield>
  </datafield>
  <datafield tag="245" ind1="1" ind2="0">
    <subfield code="a">199 Birds /</subfield>
    <subfield code="c">Illustrated by Mar Ferrero, Nikki Dyson ; Designed by Yasmin Faulkner ; Edited by Hannah Watson </subfield>
  </datafield>
  <datafield tag="246" ind1="3" ind2="3">
    <subfield code="a">One hundred and ninety nine Birds</subfield>
  </datafield>
  <datafield tag="264" ind1=" " ind2="1">
    <subfield code="a">London :</subfield>
    <subfield code="b">Usborne Publishing Ltd ;</subfield>
    <subfield code="c">2018</subfield>
  </datafield>
  <datafield tag="264" ind1=" " ind2="4">
    <subfield code="c"> &#xA9;2018</subfield>
  </datafield>
  <datafield tag="300" ind1=" " ind2=" ">
    <subfield code="a">[16 pages.]</subfield>
    <subfield code="b">color illustrations, color photographs ;</subfield>
    <subfield code="c">26 cm.</subfield>
  </datafield>
  <datafield tag="336" ind1=" " ind2=" ">
    <subfield code="2">rdacontent</subfield>
    <subfield code="a">text</subfield>
  </datafield>
  <datafield tag="337" ind1=" " ind2=" ">
    <subfield code="2">rdamedia</subfield>
    <subfield code="a">unmediated</subfield>
  </datafield>
  <datafield tag="338" ind1=" " ind2=" ">
    <subfield code="2">rdacarrier</subfield>
    <subfield code="a">volume</subfield>
  </datafield>
  <datafield tag="520" ind1=" " ind2=" ">
    <subfield code="a">This picture reference book contains exactly 199 images of birds with their name. An essential for spotting birds and learning about these wonderful creatures.</subfield>
  </datafield>
  <datafield tag="650" ind1="1" ind2="0">
    <subfield code="a">Birds </subfield>
    <subfield code="v">Juvenile literature.</subfield>
    <subfield code="x">Pictorial works</subfield>
  </datafield>
  <datafield tag="650" ind1="2" ind2="0">
    <subfield code="a">Vocabulary</subfield>
    <subfield code="v">Juvenile literature</subfield>
    <subfield code="x">Pictorial works</subfield>
  </datafield>
  <datafield tag="655" ind1=" " ind2=" ">
    <subfield code="a">Board books.</subfield>
  </datafield>
  <datafield tag="700" ind1="1" ind2="0">
    <subfield code="a">Ferrero, Mar</subfield>
    <subfield code="e">illustrator.</subfield>
  </datafield>
  <datafield tag="700" ind1="1" ind2="0">
    <subfield code="a">Dyson, Nikki</subfield>
    <subfield code="e">illustrator.</subfield>
  </datafield>
  <datafield tag="700" ind1="1" ind2="0">
    <subfield code="a">Faulkner, Yasmin</subfield>
    <subfield code="e">designer. </subfield>
  </datafield>
  <datafield tag="700" ind1="1" ind2="0">
    <subfield code="a">Watson, Hannah</subfield>
    <subfield code="e">editor.</subfield>
  </datafield>
  <datafield tag="942" ind1=" " ind2=" ">
    <subfield code="2">ddc</subfield>
    <subfield code="c">B</subfield>
  </datafield>
  <datafield tag="952" ind1=" " ind2=" ">
    <subfield code="0">0</subfield>
    <subfield code="7">1</subfield>
    <subfield code="b">PPAK</subfield>
    <subfield code="c">RK</subfield>
    <subfield code="d">2019-04-01</subfield>
    <subfield code="o">RK 598 ONE</subfield>
    <subfield code="p">A01596448</subfield>
    <subfield code="r">2019-04-01 00:00:00</subfield>
    <subfield code="y">B</subfield>
  </datafield>
  <datafield tag="952" ind1=" " ind2=" ">
    <subfield code="0">0</subfield>
    <subfield code="7">1</subfield>
    <subfield code="b">PPAK</subfield>
    <subfield code="c">RK</subfield>
    <subfield code="d">2019-04-01</subfield>
    <subfield code="o">RK 598 ONE</subfield>
    <subfield code="p">A01596449</subfield>
    <subfield code="r">2019-04-01 00:00:00</subfield>
    <subfield code="y">B</subfield>
  </datafield>
  <datafield tag="952" ind1=" " ind2=" ">
    <subfield code="0">0</subfield>
    <subfield code="7">1</subfield>
    <subfield code="b">SP</subfield>
    <subfield code="c">RK</subfield>
    <subfield code="d">2019-04-01</subfield>
    <subfield code="o">RK 598 ONE</subfield>
    <subfield code="p">A01596450</subfield>
    <subfield code="r">2019-04-01 00:00:00</subfield>
    <subfield code="y">B</subfield>
  </datafield>
  <datafield tag="952" ind1=" " ind2=" ">
    <subfield code="0">0</subfield>
    <subfield code="7">1</subfield>
    <subfield code="b">JT</subfield>
    <subfield code="c">RK</subfield>
    <subfield code="d">2019-04-01</subfield>
    <subfield code="o">RK 598 ONE</subfield>
    <subfield code="p">A01596451</subfield>
    <subfield code="r">2019-04-01 00:00:00</subfield>
    <subfield code="y">B</subfield>
  </datafield>
  <datafield tag="952" ind1=" " ind2=" ">
    <subfield code="0">0</subfield>
    <subfield code="7">1</subfield>
    <subfield code="b">LW</subfield>
    <subfield code="c">RK</subfield>
    <subfield code="d">2019-04-01</subfield>
    <subfield code="o">RK 598 ONE</subfield>
    <subfield code="p">A01596452</subfield>
    <subfield code="r">2019-04-01 00:00:00</subfield>
    <subfield code="y">B</subfield>
  </datafield>
  <datafield tag="952" ind1=" " ind2=" ">
    <subfield code="0">0</subfield>
    <subfield code="7">1</subfield>
    <subfield code="b">KM</subfield>
    <subfield code="c">RK</subfield>
    <subfield code="d">2019-04-01</subfield>
    <subfield code="o">RK 598 ONE</subfield>
    <subfield code="p">A01596453</subfield>
    <subfield code="r">2019-04-01 00:00:00</subfield>
    <subfield code="y">B</subfield>
  </datafield>
</record>
